Настольная книга практического психолога: система работы с детьми разного возраста (Запис № 374051)

МАРК-запис
000 -Лідер
fixed length control field 00774nam a22002537a 4500
001 - Контрольний номер
control field 87753
003 - Ідентифікатор контрольного номера
control field UA-OsUOA
005 - Дата та час останнього входження (трансакції)
control field 20200514172430.0
007 - Фіксоване поле фізичного опису
fixed length control field ta
008 - Елементи даних фіксованої довжини – загальна інформація
fixed length control field 20120921b un ||||| |||| 00| 0 ukr d
020 ## - Міжнародний стандартний книжковий номер (ISBN)
Міжнародний стандартний книжковий номер (ISBN) (НП) 569001809
040 ## - Джерело каталогізації
Агенція оригінальної каталогізації UA-OsUOA
Мова каталогізації ukr
Агенція, яка здійснювала перезапис UA-OsUOA
Агенція, яка здійснювала модифікацію UA-OsUOA
041 ## - Код мови
Код мови тексту/ звукової доріжки чи окремого заголовка (П) ukr
080 ## - Індекс Універсальної десяткової класифікації
Індекс Універсальної десяткової класифікації (УДК) (НП) 159.922.6(075)
090 ## - Локальний шифр розміщення
Класифікаційний індекс УДК 159.922.6(075)
Авторський знак (НП) Р-59
100 ## - Основне введення – ім’я особи
Ім’я особи (НП) Рогов Е. И.
245 ## - Відомості про назву
Назва (НП) Настольная книга практического психолога: система работы с детьми разного возраста
Решта назви (НП) учеб. пособие
Номер частини/ розділу роботи (П) кн.1
246 31 - Інша форма назви
Номер частини/ розділ роботи (П) кн. 1
260 ## - Публікація, розповсюдження і т.п. (Вихідні дані)
Місце публікації, розповсюдження і т.п. (П) М.
Ім’я/ наймення видавництва, розповсюджувача і т.п. (П) ВЛАДОС
Дата публікації, розповсюдження і т.п. (П) 2001
300 ## - Фізичний опис
Обсяг 384 с.
650 #7 - Додаткове предметне введення – тематичний термін
Тематичний термін чи географічна назва, як елемент введення (НП) 159.9 Психологія
Джерело заголовка чи терміна UDC
942 ## - Додаткові елементи входу (Коха)
Тип елемента Koha Книги
Source of classification or shelving scheme Universal Decimal Classification
955 ## - Код типу видання за змістом
Код типу видання за змістом (НП) Навчальні видання
Фонди
Стан вилучень Стан втрат Джерело класифікації або схеми стелажів Стан уражень Не для кредиту Постійне місце розташування Поточне розміщення Дата придбання Інвентарний номер Усього замовленно Повний номер виклику Штрих-код Дата останнього перегляду Ціна ефективна від Тип елемента Koha
    Universal Decimal Classification     ЧЗ - Читальна зала ЧЗ - Читальна зала 21/09/2012 62819   159.922.6(075) Р-59 62819 09/02/2022 21/09/2012 Книги